Le rôle Moral de la Bienfaisance / (Record no. 165692)

MARC details
000 -LEADER
campo de control de longitud fija 00967nam a22002535i 4500
001 - NÚMERO DE CONTROL
campo de control 165692
003 - IDENTIFICADOR DE NÚMERO DE CONTROL
campo de control ES-MaACL
005 - FECHA Y HORA DE LA ÚLTIMA TRANSACCIÓN
campo de control 20250730063146.0
008 - DATOS DE LONGITUD FIJA--INFORMACIÓN GENERAL
campo de control de longitud fija 990921s1895 fr |||| | fre d
040 ## - FUENTE DE CATALOGACIÓN
Centro catalogador/agencia de origen CCPB | B
Lengua de catalogación spa
Centro/agencia transcriptor CCPB | B
100 1# - ENTRADA PRINCIPAL--NOMBRE DE PERSONA
Nombre de persona Spencer, Herbert,
Fechas asociadas al nombre 1820-1903
9 (RLIN) 107684
245 13 - MENCIÓN DEL TÍTULO
Título Le rôle Moral de la Bienfaisance /
Mención de responsabilidad, etc. par Herbert Spencer ; traduction de M.E. Castelot et E. Martin Saint-Léon.
260 ## - PUBLICACIÓN, DISTRIBUCIÓN, ETC.
Lugar de publicación, distribución, etc. Paris :
Nombre del editor, distribuidor, etc. Guillaumin et C\pie\s, éditeurs,
Fecha de publicación, distribución, etc. 1895 (
Lugar de fabricación/manufactura Évreux :
Fabricante Imprimerie de Charles Hérissey)
300 ## - DESCRIPCIÓN FÍSICA
Extensión IV, 258 p. ;
Dimensiones 23 cm.
490 1# - MENCIÓN DE SERIE
Mención de serie Collection d´autores étrangers contemporains
597 #1 - NOTA DE DESCRIPCIÓN FÍSICA
NOTA DE DESCRIPCIÓN FÍSICA Antep.
700 11 - ENTRADA AGREGADA--NOMBRE PERSONAL
Nombre de persona Castelot, E.,
Término indicativo de función/relación
9 (RLIN) 126383
700 21 - ENTRADA AGREGADA--NOMBRE PERSONAL
Nombre de persona Saint-Léon, Etienne Martin,
Término indicativo de función/relación
9 (RLIN) 132288
752 ## - ENTRADA AGREGADA--NOMBRE JERÁRQUICO DEL LUGAR
País o entidad superior Francia -
Ciudad París
830 0# - PUNTO DE ACCESO ADICIONAL DE SERIE-TÍTULO UNIFORME
Título uniforme Collection d´autores étrangers contemporains
9 (RLIN) 222485
852 ## - LOCALIZACIÓN
Ubicación ES-MaACL
Número de control de estantería B-7174
Nota libre -- Enc. hol.
Holdings
Estatus retirado Estado de pérdida Estado de daño No para préstamo Colección Biblioteca de origen Biblioteca actual Ubicación en estantería Fecha de adquisición Fuente de adquisición Total de préstamos Signatura topográfica completa Código de barras Visto por última vez Precio de reemplazo Tipo de ítem Koha
        Libros del s. XIX Biblioteca del Ateneo de Madrid Biblioteca del Ateneo de Madrid Sala Pardo Bazán 17/01/2008     B-7174 1173765 23/02/2023 23/02/2023 Libro impreso antiguo